| 000 | 00563nam a2200169 4500 | ||
|---|---|---|---|
| 001 | 135869 | ||
| 003 | ES-MaACL | ||
| 005 | 20250930063122.0 | ||
| 007 | t| | ||
| 008 | 070214s1926 sp r ||||1| spa d | ||
| 100 | 1 |
_aRuiz del Castillo y Catalán de Ocón, Carlos, _d1896-1984 _9100778 |
|
| 245 | 1 | 0 |
_aDe la vida política _b: opiniones de un espectador / _cpor Carlos Ruiz del Castillo. |
| 260 |
_aSantiago : _b[s. n.], _c1926 ( _fTip. del `Diario de Galicia`) |
||
| 300 |
_a34 p. ; _c29 x 20 cm. |
||
| 852 | _jBA 1707-F-10 | ||
| 999 |
_c135869 _d135869 |
||